Loading...
| Science - Chemistry | 1 | 2 | 1 | 1 | 30 | 32 | 82.67 | 2 | 3 |
| Literature - World Literature | 1 | 1 | 0 | 0 | 25 | 58 | 67.50 | 1 | 2 |
| Science - Biology | 1 | 2 | 2 | 0 | 25 | 53 | 68.67 | 1 | 3 |
| Science - Physics | 1 | 1 | 1 | 0 | 20 | 73 | 73.50 | 1 | 2 |
| Literature - British Literature | 0 | 2 | 0 | 1 | 20 | 94 | 101.00 | 1 | 2 |
| Science - Other Science | 0 | 2 | 0 | 1 | 20 | 106 | 114.50 | 1 | 2 |
| Literature - American Literature | 1 | 0 | 0 | 0 | 15 | 49 | 49.00 | 1 | 1 |
| Mythology | 1 | 0 | 0 | 0 | 15 | 77 | 77.00 | 1 | 1 |
| Fine Arts - Other Fine Arts | 0 | 1 | 0 | 1 | 10 | 146 | 146.00 | 0 | 1 |
| Literature - European Literature | 0 | 1 | 0 | 0 | 10 | 85 | 85.00 | 0 | 1 |
| Other Academic | 0 | 1 | 0 | 1 | 10 | 124 | 124.00 | 0 | 1 |
| Social Science | 0 | 1 | 0 | 0 | 10 | 107 | 107.00 | 1 | 1 |
| Philosophy | 0 | 1 | 1 | 0 | 5 | 70 | 70.00 | 1 | 1 |
| Religion | 0 | 1 | 1 | 1 | 5 | 130 | 130.00 | 0 | 1 |